000 00675cam a22002413a 4500
001 12193
003 PGUSA
005 20140828083246.0
008 040401s2004||||xxu|||||s|||||000 | eng d
040 _aPGUSA
_beng
042 _adc
050 4 _aCT
100 1 _aFoss, James Henry,
_d1841-
245 1 4 _aThe Gentleman from Everywhere
_h[electronic resource] /
_cJames Henry Foss
260 _bProject Gutenberg,
_c2004
506 _aPublic domain in the USA.
516 _aElectronic text
653 _aAutobiographies
653 _aFoss, James Henry, b. 1841
830 0 _aProject Gutenberg
_v12193
856 4 0 _uhttp://www.gutenberg.org/ebooks/12193
942 _cEB
999 _c241448
_d241448